Polskie kluby z czterech dyscyplin - Statystyki

Ogólne statystyki
  • Ten quiz został rozwiązany 25 razy
  • Średni wynik to 46 z 61
Statystyki odpowiedzi
Nazwa Miasto Dyscyplina % Poprawnych
Lechia Gdańsk Piłka nożna
95%
Trefl Gdańsk Siatkówka
95%
Wybrzeże Gdańsk Piłka ręczna
95%
Dziki Warszawa Koszykówka
95%
Legia Warszawa Koszykówka
95%
Legia Warszawa Piłka nożna
95%
PGE Projekt Warszawa Siatkówka
95%
Norwid Częstochowa Siatkówka
90%
Raków Częstochowa Piłka nożna
90%
Arka Gdynia Koszykówka
90%
Arka Gdynia Piłka nożna
90%
GTK Gliwice Koszykówka
90%
Piast Gliwice Piłka nożna
90%
Cracovia Kraków Piłka nożna
90%
Zagłębie Lubin Piłka nożna
90%
Zagłębie Lubin Piłka ręczna
90%
Bogdanka Luk Lublin Siatkówka
90%
Motor Lublin Piłka nożna
90%
Start Lublin Koszykówka
90%
Orlen Wisła Płock Piłka ręczna
90%
Wisła Płock Piłka nożna
90%
Radomiak Radom Piłka nożka
90%
Asseco Resovia Rzeszów Siatkówka
90%
King Szczecin Koszykówka
90%
Pogoń Szczecin Piłka nożna
90%
Śląsk Wrocław Koszykowka
90%
Górnik Zabrze Piłka nożna
90%
Jagiellonia Białystok Piłka nożna
86%
Widzew Łódź Piłka nożna
86%
Bruk-Bet Termalica Nieciecza Piłka nożna
86%
Piotrkowianin Piotrków Trybunalski Piłka ręczna
86%
Lech Poznań Piłka nożna
86%
Skra Bełchatów Siatkówka
81%
Chrobry Głogów Piłka ręczna
81%
GKS Katowice Piłka nożna
81%
Industria Kielce Piłka ręczna
81%
Korona Kielce Piłka nożna
81%
Stal Mielec Piłka ręczna
76%
ZAKSA Kędzierzyn-Koźle Siatkówka
71%
Trefl Sopot Koszykówka
71%
Twarde Pierniki Toruń Koszykówka
71%
Anwil Włocławek Koszykówka
71%
Legionovia Legionowo Piłka ręczna
67%
Jastrzębski Węgiel Jastrzębie-Zdrój Siatkówka
62%
Ostrovia Ostrów Wielkopolski Piłka ręczna
62%
Stal Ostrów Wielkopolski Koszykówka
62%
Azoty Puławy Piłka ręczna
62%
Cuprum Stilon Gorzów Wielkopolski Siatkówka
52%
Indykpol AZS Olsztyn Siatkówka
52%
Aluron CMC Warta Zawiercie Siatkówka
52%
Zastal Zielona Góra Koszykówka
48%
ChKS Chełm Siatkówka
43%
Gwardia Opole Piłka ręczna
43%
Czarni Słupsk Koszykówka
43%
Górnik Wałbrzych Koszykówka
43%
Miasto Szkła Krosno Koszykówka
38%
MMTS Kwidzyn Piłka ręczna
38%
MKS Kalisz Piłka ręczna
33%
Barkom Lwów Siatkówka
33%
MKS Dąbrowa Górnicza Koszykówka
29%
Ślepsk Malow Suwałki Siatkówka
29%
Nie znaleziono quizów pasujących do podanych kryteriów
Rozkład punktacji
Procent ludzi z każdym wynikiem
Percentyl według liczby udzielonych odpowiedzi
Twoja historia wyników
Nie rozwiązałeś tego quizu